Answers contain 'bong' - Statistics

General Stats
  • This quiz has been taken 58 times
  • The average score is 6 of 12
Answer Stats
Hint Answer % Correct
The look she gives you Bong?
97%
surfing clothing brand BillaBong
65%
007 of the bong James Bong
59%
physical state after hitting the bong Bonged
51%
Shakespeare's famous question To bong or not to bong?
51%
bong in french LeBong
49%
famous cavaliers basketball player LeBongJames
46%
african drums Bongoes
35%
Our holy father BongLord
30%
cooking programme (1) Great British Bongoff
24%
Country where the bong originated from Democratic Republic of Bongo
22%
cooking programme (2) Ready..steady..bong
22%
No matching quizzes found
Score Distribution
Percent of People with Each Score
Percentile by Number Answered
Your Score History
You have not taken this quiz